000 00672nam a2200193 i 4500
001 141862
003 ES-MaACL
005 20231207063031.0
007 t|
008 070928s1952 sp ||||1| spa d
100 1 _aViñas y Mey, Carmelo
_9115384
245 1 3 _aEl espíritu castellano de aventura y empresa y la España de los Reyes Católicos /
_cCarmelo Viñas y Mey.
260 _aGranada :
_bUniversidad,
_c1952.
300 _aP. 13-83 ;
_c24 cm.
500 _aEs separata de: Archivo de Derecho Público, Nº V-1952.
651 _aEspaña-
_xHistoria-
_y1474-1516, Reyes Católicos.
_98222
852 _aES-MaACL
_j1944-F-10
999 _c141862
_d141862